[Event "DVM U14w 2018"]
[Site "Neumünster GER"]
[Date "2018.12.28"]
[Round "3"]
[White "Brunner, Sophia"]
[Black "Dietz, Kristin"]
[Result "1/2-1/2"]
[Termination "normal"]
[Board "1.1"]
[WhiteElo "1755"]
[BlackElo "1735"]
[WhiteClock "00:01:42"]
[BlackClock "00:17:50"]
[WhiteTeam "SC Papenburg"]
[BlackTeam "USV Halle"]
[PlyCount "111"]
[WhiteFideId "12960683"]
[BlackFideId "12993743"]
[EventCountry "GER"]
[EventRounds "7"]
[EventType "team-swiss"]
[EventDate "2018.12.26"]

1. d4 {[%emt 0:00:01]} Nf6 {[%emt 0:00:10]} 2. Nf3 {[%emt 0:00:08]} c5 { [%emt
0:00:09]} 3. d5 {[%emt 0:00:10]} e6 {[%emt 0:00:18]} 4. Nc3 {[%emt 0:00: 18]}
b5 {[%emt 0:17:35]} 5. Bg5 {[%emt 0:18:47]} exd5 {[%emt 0:12:05]} 6. Nxd5
{[%emt 0:02:30]} Be7 {[%emt 0:00:27]} 7. Nxe7 {[%emt 0:13:29]} Qxe7 {[%emt 0:
00:10]} 8. e3 {[%emt 0:00:07]} a6 {[%emt 0:01:20]} 9. a4 {[%emt 0:00:46]} b4 {
[%emt 0:04:20]} 10. Bc4 {[%emt 0:03:09]} Bb7 {[%emt 0:01:08]} 11. Bxf6 { [%emt
0:10:08]} Qxf6 {[%emt 0:01:06]} 12. Bd5 {[%emt 0:00:16]} Nc6 {[%emt 0:03: 33]}
13. O-O {[%emt 0:03:31]} O-O {[%emt 0:01:43]} 14. b3 {[%emt 0:04:37]} Rfe8
{[%emt 0:03:18]} 15. Qd3 {[%emt 0:06:19]} Rad8 {[%emt 0:03:43]} 16. Rfd1 {
[%emt 0:06:49]} h6 {[%emt 0:07:41]} 17. Rac1 {[%emt 0:05:27]} h5 {[%emt 0:16:
37]} 18. Qc4 {[%emt 0:05:59]} Qe7 {[%emt 0:03:58]} 19. Qh4 {[%emt 0:07:34]}
Qxh4 {[%emt 0:02:02]} 20. Nxh4 {[%emt 0:00:01]} Re5 {[%emt 0:04:15]} 21. Nf3 {
[%emt 0:03:34]} Re7 {[%emt 0:02:59]} 22. Rd2 {[%emt 0:01:19]} d6 {[%emt 0:00:
59]} 23. Rcd1 {[%emt 0:00:50]} Red7 {[%emt 0:00:25]} 24. Ng5 {[%emt 0:00:54]}
Kf8 {[%emt 0:03:58]} 25. Bxf7 {[%emt 0:03:17]} Rxf7 {[%emt 0:02:09]} 26. Ne6+ {
[%emt 0:00:05]} Ke8 {[%emt 0:00:38]} 27. Nxd8 {[%emt 0:00:06]} Kxd8 {[%emt 0:
01:12]} 28. Rxd6+ {[%emt 0:00:05]} Kc7 {[%emt 0:00:13]} 29. R6d5 {[%emt 0:00:
25]} Kb6 {[%emt 0:00:24]} 30. Rxh5 {[%emt 0:00:28]} Rc7 {[%emt 0:01:45]} 31.
Rg5 {[%emt 0:02:02]} Nb8 {[%emt 0:02:20]} 32. Rd6+ {[%emt 0:00:45]} Ka7 { [%emt
0:00:22]} 33. f3 {[%emt 0:01:05]} c4 {[%emt 0:01:53]} 34. Rd4 {[%emt 0: 00:56]}
cxb3 {[%emt 0:00:21]} 35. cxb3 {[%emt 0:00:07]} Rc1+ {[%emt 0:00:35]} 36. Kf2
{[%emt 0:00:04]} Nc6 {[%emt 0:00:41]} 37. Rd3 {[%emt 0:01:58]} g6 { [%emt
0:00:27]} 38. h4 {[%emt 0:00:25]} Rh1 {[%emt 0:00:20]} 39. Kg3 {[%emt 0:
00:54]} Ne7 {[%emt 0:01:27]} 40. e4 {[%emt 0:00:16]} Bc8 {[%emt 0:00:42]} 41.
Rc5 {[%emt 0:12:40]} Kb6 {[%emt 0:01:35]} 42. Rc4 {[%emt 0:03:14]} a5 {[%emt 0:
01:38]} 43. Rd6+ {[%emt 0:00:35]} Kb7 {[%emt 0:00:07]} 44. Rc5 {[%emt 0:05:03]}
Rb1 {[%emt 0:00:42]} 45. Rd3 {[%emt 0:05:01]} Kb6 {[%emt 0:01:46]} 46. Rb5+ {
[%emt 0:00:28]} Kc7 {[%emt 0:01:24]} 47. Rxa5 {[%emt 0:01:03]} Nc6 {[%emt 0:00:
54]} 48. Rc5 {[%emt 0:01:45]} Be6 {[%emt 0:00:39]} 49. f4 {[%emt 0:03:12]} Bxb3
{[%emt 0:01:29]} 50. a5 {[%emt 0:00:18]} Bf7 {[%emt 0:01:03]} 51. f5 {[%emt 0:
01:25]} gxf5 {[%emt 0:02:31]} 52. exf5 {[%emt 0:00:01]} Ra1 {[%emt 0:02:33]}
53. Re3 {[%emt 0:01:12]} Kd6 {[%emt 0:01:25]} 54. Rb5 {[%emt 0:01:12]} Bc4 {
[%emt 0:01:15]} 55. Rb6 {[%emt 0:00:14]} Rxa5 {[%emt 0:00:53]} 56. Rb7 { [%emt
0:01:21]} 1/2-1/2

[Event "DVM U14w 2018"]
[Site "Neumünster GER"]
[Date "2018.12.28"]
[Round "3"]
[White "Fritsch, Lea"]
[Black "Roncea, Andreea-Alexandra"]
[Result "1/2-1/2"]
[Termination "normal"]
[Board "1.2"]
[WhiteElo "1606"]
[BlackElo "1511"]
[WhiteClock "00:05:54"]
[BlackClock "00:09:16"]
[WhiteTeam "USV Halle"]
[BlackTeam "SC Papenburg"]
[PlyCount "79"]
[WhiteFideId "16212436"]
[BlackFideId "16233115"]
[EventCountry "GER"]
[EventRounds "7"]
[EventType "team-swiss"]
[EventDate "2018.12.26"]

1. e4 {[%emt 0:00:02]} e5 {[%emt 0:00:05]} 2. Nf3 {[%emt 0:00:06]} Nc6 { [%emt
0:00:06]} 3. Bc4 {[%emt 0:00:11]} Nf6 {[%emt 0:00:26]} 4. d3 {[%emt 0:00: 07]}
Bc5 {[%emt 0:00:12]} 5. c3 {[%emt 0:00:05]} a6 {[%emt 0:00:14]} 6. Bb3 { [%emt
0:00:23]} Ba7 {[%emt 0:00:10]} 7. Nbd2 {[%emt 0:00:08]} O-O {[%emt 0:00: 14]}
8. O-O {[%emt 0:02:30]} d6 {[%emt 0:00:42]} 9. h3 {[%emt 0:03:50]} Ne7 { [%emt
0:02:01]} 10. Re1 {[%emt 0:00:18]} Ng6 {[%emt 0:01:23]} 11. Nf1 {[%emt 0:
00:12]} h6 {[%emt 0:00:18]} 12. Ng3 {[%emt 0:03:10]} Re8 {[%emt 0:01:37]} 13.
d4 {[%emt 0:07:08]} b5 {[%emt 0:02:41]} 14. Be3 {[%emt 0:15:24]} Bb7 {[%emt 0:
05:57]} 15. Bc2 {[%emt 0:01:31]} exd4 {[%emt 0:07:26]} 16. Bxd4 {[%emt 0:00:15]
} c5 {[%emt 0:04:24]} 17. Bxf6 {[%emt 0:06:18]} Qxf6 {[%emt 0:01:10]} 18. Qd2 {
[%emt 0:11:21]} Rad8 {[%emt 0:06:35]} 19. Rad1 {[%emt 0:01:27]} d5 {[%emt 0:04:
54]} 20. exd5 {[%emt 0:11:45]} Rxe1+ {[%emt 0:01:02]} 21. Qxe1 {[%emt 0:03:13]}
Bxd5 {[%emt 0:05:44]} 22. a3 {[%emt 0:09:30]} Bxf3 {[%emt 0:06:02]} 23. Rxd8+ {
[%emt 0:00:16]} Qxd8 {[%emt 0:00:14]} 24. gxf3 {[%emt 0:04:05]} Qe7 {[%emt 0:
18:27]} 25. Qd2 {[%emt 0:04:23]} Ne5 {[%emt 0:05:41]} 26. Kg2 {[%emt 0:01:41]}
Nc4 {[%emt 0:05:07]} 27. Qd3 {[%emt 0:01:25]} g6 {[%emt 0:01:20]} 28. Qd5 {
[%emt 0:04:01]} Kg7 {[%emt 0:03:07]} 29. b3 {[%emt 0:02:37]} Nb6 {[%emt 0:03:
59]} 30. Qd2 {[%emt 0:00:36]} Qd7 {[%emt 0:03:01]} 31. Qe3 {[%emt 0:01:33]} Nd5
{[%emt 0:01:26]} 32. Qe5+ {[%emt 0:00:09]} Nf6 {[%emt 0:02:16]} 33. Ne4 { [%emt
0:02:29]} Qe6 {[%emt 0:00:49]} 34. Qxe6 {[%emt 0:00:48]} fxe6 {[%emt 0: 00:04]}
35. Nxf6 {[%emt 0:00:06]} Kxf6 {[%emt 0:00:07]} 36. Be4 {[%emt 0:00:02] } a5
{[%emt 0:00:52]} 37. Bd3 {[%emt 0:00:46]} b4 {[%emt 0:00:33]} 38. cxb4 { [%emt
0:00:12]} cxb4 {[%emt 0:00:22]} 39. axb4 {[%emt 0:00:13]} axb4 {[%emt 0:
00:06]} 40. Bc4 {[%emt 0:00:09]} 1/2-1/2

[Event "DVM U14w 2018"]
[Site "Neumünster GER"]
[Date "2018.12.28"]
[Round "3"]
[White "Evering, Enna"]
[Black "Voigt, Anastasia"]
[Result "1-0"]
[Termination "normal"]
[Board "1.3"]
[WhiteElo "1388"]
[BlackElo "1421"]
[WhiteClock "00:01:24"]
[BlackClock "00:01:09"]
[WhiteTeam "SC Papenburg"]
[BlackTeam "USV Halle"]
[PlyCount "71"]
[WhiteFideId "16218213"]
[BlackFideId "16235223"]
[EventCountry "GER"]
[EventRounds "7"]
[EventType "team-swiss"]
[EventDate "2018.12.26"]

1. e4 {[%emt 0:00:05]} e5 {[%emt 0:00:05]} 2. Nf3 {[%emt 0:00:12]} Nc6 { [%emt
0:00:09]} 3. d4 {[%emt 0:00:59]} exd4 {[%emt 0:00:55]} 4. Nxd4 {[%emt 0:
01:23]} Nf6 {[%emt 0:02:07]} 5. Nxc6 {[%emt 0:01:17]} bxc6 {[%emt 0:00:25]} 6.
e5 {[%emt 0:00:25]} Nd5 {[%emt 0:01:49]} 7. c4 {[%emt 0:02:06]} Nb6 {[%emt 0:
02:09]} 8. Bd3 {[%emt 0:01:08]} d5 {[%emt 0:06:06]} 9. exd6 {[%emt 0:03:23]}
cxd6 {[%emt 0:00:22]} 10. O-O {[%emt 0:01:08]} Be7 {[%emt 0:00:31]} 11. Qc2 {
[%emt 0:01:14]} h6 {[%emt 0:02:45]} 12. Nc3 {[%emt 0:05:59]} O-O {[%emt 0:05:
31]} 13. Be3 {[%emt 0:03:17]} Be6 {[%emt 0:01:50]} 14. b3 {[%emt 0:02:34]} Bf6
{[%emt 0:06:49]} 15. Rad1 {[%emt 0:04:53]} Qc7 {[%emt 0:01:52]} 16. Ne4 { [%emt
0:06:31]} Be7 {[%emt 0:03:45]} 17. c5 {[%emt 0:03:13]} dxc5 {[%emt 0:12: 18]}
18. Nxc5 {[%emt 0:08:11]} Bd5 {[%emt 0:01:09]} 19. Be4 {[%emt 0:07:42]} Rfd8
{[%emt 0:08:58]} 20. Rc1 {[%emt 0:08:55]} Rac8 {[%emt 0:01:45]} 21. Bf5 { [%emt
0:02:35]} Ra8 {[%emt 0:01:06]} 22. Qe2 {[%emt 0:11:24]} Qe5 {[%emt 0:07: 10]}
23. Qh5 {[%emt 0:05:23]} g6 {[%emt 0:04:19]} 24. Bxg6 {[%emt 0:00:24]} Qg7
{[%emt 0:05:43]} 25. Be4 {[%emt 0:07:23]} Bxc5 {[%emt 0:00:36]} 26. Bxh6 {
[%emt 0:01:38]} Qf6 {[%emt 0:03:56]} 27. Bh7+ {[%emt 0:01:47]} Kh8 {[%emt 0:08:
56]} 28. Rxc5 {[%emt 0:01:00]} Qd6 {[%emt 0:05:07]} 29. Be3 {[%emt 0:03:34]}
Nd7 {[%emt 0:04:10]} 30. Bg6+ {[%emt 0:03:58]} Kg8 {[%emt 0:00:30]} 31. Qh7+ {
[%emt 0:01:07]} Kf8 {[%emt 0:00:16]} 32. Qh8+ {[%emt 0:01:54]} Ke7 {[%emt 0:00:
38]} 33. Bg5+ {[%emt 0:00:58]} f6 {[%emt 0:01:00]} 34. Qg7+ {[%emt 0:00:19]}
Ke6 {[%emt 0:00:08]} 35. Re1+ {[%emt 0:00:29]} Ne5 {[%emt 0:00:26]} 36. Qf7# {
[%emt 0:00:06]} 1-0

[Event "DVM U14w 2018"]
[Site "Neumünster GER"]
[Date "2018.12.28"]
[Round "3"]
[White "Kiesel, Lara"]
[Black "Reuter, Elisa"]
[Result "1/2-1/2"]
[Termination "normal"]
[Board "2.1"]
[WhiteElo "1517"]
[BlackElo "1839"]
[WhiteClock "00:10:12"]
[BlackClock "00:32:24"]
[WhiteTeam "SC Borussia Lichtenberg"]
[BlackTeam "SG Leipzig"]
[PlyCount "77"]
[WhiteFideId "12973785"]
[BlackFideId "12995444"]
[EventCountry "GER"]
[EventRounds "7"]
[EventType "team-swiss"]
[EventDate "2018.12.26"]

1. e4 {[%emt 0:00:03]} c5 {[%emt 0:00:04]} 2. Nc3 {[%emt 0:00:04]} Nc6 { [%emt
0:00:04]} 3. g3 {[%emt 0:00:05]} g6 {[%emt 0:00:06]} 4. Bg2 {[%emt 0:00: 03]}
Bg7 {[%emt 0:00:05]} 5. d3 {[%emt 0:00:02]} e6 {[%emt 0:00:06]} 6. Be3 { [%emt
0:00:23]} d6 {[%emt 0:01:13]} 7. f4 {[%emt 0:00:04]} Nge7 {[%emt 0:00:07] } 8.
Nf3 {[%emt 0:00:03]} Nd4 {[%emt 0:00:30]} 9. O-O {[%emt 0:00:34]} O-O { [%emt
0:00:08]} 10. e5 {[%emt 0:00:33]} Nef5 {[%emt 0:02:09]} 11. Bf2 {[%emt 0:
00:03]} Nxf3+ {[%emt 0:01:10]} 12. Qxf3 {[%emt 0:00:03]} Nd4 {[%emt 0:02:15]}
13. Qd1 {[%emt 0:00:03]} dxe5 {[%emt 0:00:10]} 14. fxe5 {[%emt 0:00:04]} Bxe5 {
[%emt 0:00:45]} 15. Ne4 {[%emt 0:00:03]} f5 {[%emt 0:08:52]} 16. Nxc5 {[%emt 0:
00:05]} Qc7 {[%emt 0:00:07]} 17. b4 {[%emt 0:09:50]} Nb5 {[%emt 0:01:40]} 18.
a4 {[%emt 0:00:03]} Bxa1 {[%emt 0:20:04]} 19. Qxa1 {[%emt 0:00:05]} Nd6 { [%emt
0:00:09]} 20. Re1 {[%emt 0:10:23]} Qf7 {[%emt 0:08:20]} 21. Qe5 {[%emt 0:
04:50]} Ne8 {[%emt 0:01:37]} 22. Nxe6 {[%emt 0:19:36]} Bxe6 {[%emt 0:00:08]}
23. Qxe6 {[%emt 0:00:06]} Qxe6 {[%emt 0:00:06]} 24. Rxe6 {[%emt 0:00:05]} Rf7 {
[%emt 0:03:25]} 25. Bc5 {[%emt 0:02:14]} Rd7 {[%emt 0:04:35]} 26. Re5 {[%emt 0:
03:38]} Nf6 {[%emt 0:01:02]} 27. a5 {[%emt 0:01:28]} Rc8 {[%emt 0:02:07]} 28.
Re2 {[%emt 0:09:00]} a6 {[%emt 0:01:08]} 29. Re5 {[%emt 0:19:37]} Kf7 {[%emt 0:
00:36]} 30. d4 {[%emt 0:00:39]} Re8 {[%emt 0:01:28]} 31. Rxe8 {[%emt 0:00:47]}
Kxe8 {[%emt 0:00:09]} 32. Kf1 {[%emt 0:05:38]} Ng4 {[%emt 0:00:32]} 33. h3 {
[%emt 0:07:00]} Ne3+ {[%emt 0:01:15]} 34. Kf2 {[%emt 0:00:10]} Nxc2 {[%emt 0:
00:06]} 35. d5 {[%emt 0:00:16]} Na3 {[%emt 0:00:16]} 36. Ke3 {[%emt 0:00:57]}
Kf7 {[%emt 0:04:06]} 37. Kf4 {[%emt 0:01:08]} Kf6 {[%emt 0:06:10]} 38. Bd4+ {
[%emt 0:00:07]} Kf7 {[%emt 0:00:09]} 39. Bc5 {[%emt 0:00:03]} 1/2-1/2

[Event "DVM U14w 2018"]
[Site "Neumünster GER"]
[Date "2018.12.28"]
[Round "3"]
[White "Relógio Stauber, Anna"]
[Black "Nguyen, Jenny Ha-Linh"]
[Result "1/2-1/2"]
[Termination "normal"]
[Board "2.3"]
[WhiteElo "1327"]
[BlackElo "1238"]
[WhiteClock "00:38:35"]
[BlackClock "00:26:33"]
[WhiteTeam "SC Borussia Lichtenberg"]
[BlackTeam "SG Leipzig"]
[PlyCount "67"]
[WhiteFideId "16255771"]
[BlackFideId "16209729"]
[EventCountry "GER"]
[EventRounds "7"]
[EventType "team-swiss"]
[EventDate "2018.12.26"]

1. d4 Nf6 {[%emt 0:00:07]} 2. Nf3 {[%emt 0:00:20]} g6 {[%emt 0:00:11]} 3. e3 {
[%emt 0:00:26]} Bg7 {[%emt 0:00:22]} 4. Bd3 {[%emt 0:00:34]} O-O {[%emt 0:00:
22]} 5. O-O {[%emt 0:00:14]} d6 {[%emt 0:00:24]} 6. Nbd2 {[%emt 0:01:24]} Nbd7
{[%emt 0:01:00]} 7. b3 {[%emt 0:01:48]} e5 {[%emt 0:06:30]} 8. Bb2 {[%emt 0:04:
06]} Re8 {[%emt 0:00:18]} 9. e4 {[%emt 0:03:58]} exd4 {[%emt 0:02:34]} 10. Bxd4
{[%emt 0:04:18]} Ne5 {[%emt 0:02:02]} 11. Nxe5 {[%emt 0:05:20]} dxe5 {[%emt 0:
00:12]} 12. Bb2 {[%emt 0:01:05]} c6 {[%emt 0:11:31]} 13. Qe2 {[%emt 0:03:53]}
Qc7 {[%emt 0:01:06]} 14. Rab1 {[%emt 0:03:23]} Nh5 {[%emt 0:01:26]} 15. Rfd1 {
[%emt 0:04:17]} Nf4 {[%emt 0:02:00]} 16. Qf3 {[%emt 0:02:05]} Nxd3 {[%emt 0:01:
14]} 17. cxd3 {[%emt 0:02:28]} Be6 {[%emt 0:04:40]} 18. Nc4 {[%emt 0:03:18]}
Rad8 {[%emt 0:03:39]} 19. Qg3 {[%emt 0:03:05]} Bxc4 {[%emt 0:01:45]} 20. dxc4 {
[%emt 0:00:29]} Rd7 {[%emt 0:01:49]} 21. Rd3 {[%emt 0:02:16]} Rxd3 {[%emt 0:02:
24]} 22. Qxd3 {[%emt 0:00:34]} Rd8 {[%emt 0:00:26]} 23. Qe2 {[%emt 0:00:55]}
Qd7 {[%emt 0:04:33]} 24. Kf1 {[%emt 0:01:38]} f6 {[%emt 0:07:20]} 25. Ke1 {
[%emt 0:02:17]} Bf8 {[%emt 0:00:56]} 26. Qf3 {[%emt 0:02:42]} Kg7 {[%emt 0:00:
53]} 27. Bc3 {[%emt 0:02:01]} Qd3 {[%emt 0:01:50]} 28. Qxd3 {[%emt 0:01:19]}
Rxd3 {[%emt 0:00:07]} 29. Rc1 {[%emt 0:00:37]} Kf7 {[%emt 0:00:53]} 30. Ke2 {
[%emt 0:00:57]} Rd7 {[%emt 0:00:34]} 31. g3 {[%emt 0:01:58]} Ke6 {[%emt 0:10:
00]} 32. Rf1 {[%emt 0:01:06]} Bh6 {[%emt 0:06:34]} 33. f4 {[%emt 0:03:01]} exf4
{[%emt 0:00:45]} 34. gxf4 {[%emt 0:01:01]} 1/2-1/2

[Event "DVM U14w 2018"]
[Site "Neumünster GER"]
[Date "2018.12.28"]
[Round "3"]
[White "Fege, Astrid"]
[Black "Klühs, Isabel"]
[Result "1-0"]
[Termination "normal"]
[Board "2.4"]
[WhiteElo "1235"]
[BlackElo "1412"]
[WhiteClock "00:42:36"]
[BlackClock "01:05:05"]
[WhiteTeam "SG Leipzig"]
[BlackTeam "SC Borussia Lichtenberg"]
[PlyCount "57"]
[WhiteFideId "16217152"]
[BlackFideId "16228944"]
[EventCountry "GER"]
[EventRounds "7"]
[EventType "team-swiss"]
[EventDate "2018.12.26"]

1. e4 {[%emt 0:00:01]} c5 {[%emt 0:00:05]} 2. Nf3 {[%emt 0:00:07]} Nc6 { [%emt
0:00:06]} 3. d4 {[%emt 0:00:18]} cxd4 {[%emt 0:00:10]} 4. Nxd4 {[%emt 0:
00:05]} Nf6 {[%emt 0:00:08]} 5. Nc3 {[%emt 0:00:08]} e5 {[%emt 0:00:05]} 6. Nf3
{[%emt 0:00:41]} Bb4 {[%emt 0:00:23]} 7. Bd2 {[%emt 0:01:20]} d6 {[%emt 0:02:
13]} 8. Bd3 {[%emt 0:02:23]} O-O {[%emt 0:01:58]} 9. O-O {[%emt 0:01:50]} Be6 {
[%emt 0:01:48]} 10. Ng5 {[%emt 0:03:30]} Qe7 {[%emt 0:01:14]} 11. Qf3 {[%emt 0:
02:05]} Nd4 {[%emt 0:02:25]} 12. Qg3 {[%emt 0:02:43]} Bxc3 {[%emt 0:03:11]} 13.
Bxc3 {[%emt 0:04:55]} Nc6 {[%emt 0:02:10]} 14. f4 {[%emt 0:04:06]} Bd7 { [%emt
0:02:08]} 15. Rf3 {[%emt 0:03:04]} h6 {[%emt 0:01:09]} 16. Nh3 {[%emt 0:
02:53]} Bg4 {[%emt 0:01:33]} 17. Rf2 {[%emt 0:03:08]} Rfe8 {[%emt 0:02:29]} 18.
Bd2 {[%emt 0:00:35]} Rad8 {[%emt 0:04:40]} 19. Raf1 {[%emt 0:04:08]} Qd7 {
[%emt 0:02:44]} 20. fxe5 {[%emt 0:03:17]} dxe5 {[%emt 0:00:40]} 21. Bxh6 {
[%emt 0:01:55]} Qd4 {[%emt 0:02:37]} 22. Be3 {[%emt 0:11:55]} Qd7 {[%emt 0:00:
39]} 23. Rxf6 {[%emt 0:02:23]} gxf6 {[%emt 0:01:00]} 24. Rxf6 {[%emt 0:00:14]}
Ne7 {[%emt 0:00:32]} 25. Nf2 {[%emt 0:02:11]} Ng6 {[%emt 0:00:30]} 26. Nxg4 {
[%emt 0:00:26]} Qe7 {[%emt 0:00:53]} 27. Nh6+ {[%emt 0:00:50]} Kf8 {[%emt 0:00:
32]} 28. Qxg6 {[%emt 0:00:41]} Qc7 {[%emt 0:01:11]} 29. Qxf7+ {[%emt 0:00:43]}
1-0

[Event "DVM U14w 2018"]
[Site "Neumünster GER"]
[Date "2018.12.28"]
[Round "3"]
[White "Schwegler, Jelena"]
[Black "Ziegenfuß, Antonia"]
[Result "0-1"]
[Termination "normal"]
[Board "3.1"]
[WhiteElo "1473"]
[BlackElo "1949"]
[WhiteClock "00:26:54"]
[BlackClock "00:06:37"]
[WhiteTeam "SK Bad Homburg"]
[BlackTeam "OSG Baden-Baden"]
[PlyCount "88"]
[WhiteFideId "16225481"]
[BlackFideId "12962554"]
[EventCountry "GER"]
[EventRounds "7"]
[EventType "team-swiss"]
[EventDate "2018.12.26"]

1. e4 {[%emt 0:00:02]} c5 {[%emt 0:00:05]} 2. d4 {[%emt 0:00:05]} cxd4 { [%emt
0:00:07]} 3. c3 {[%emt 0:00:03]} Nf6 {[%emt 0:00:07]} 4. e5 {[%emt 0:00: 06]}
Nd5 {[%emt 0:00:06]} 5. cxd4 {[%emt 0:00:06]} e6 {[%emt 0:00:07]} 6. Nc3 {
[%emt 0:00:16]} Nxc3 {[%emt 0:00:38]} 7. bxc3 {[%emt 0:00:06]} Qc7 {[%emt 0:00:
31]} 8. Bd2 {[%emt 0:01:22]} b6 {[%emt 0:01:02]} 9. Bd3 {[%emt 0:02:38]} d6 {
[%emt 0:06:40]} 10. f4 {[%emt 0:03:00]} Be7 {[%emt 0:07:26]} 11. Qg4 {[%emt 0:
05:26]} f5 {[%emt 0:18:19]} 12. exf6 {[%emt 0:06:05]} Bxf6 {[%emt 0:00:58]} 13.
Qg3 {[%emt 0:02:43]} Ba6 {[%emt 0:09:43]} 14. Be4 {[%emt 0:09:32]} Qc4 { [%emt
0:04:40]} 15. Qf3 {[%emt 0:04:06]} d5 {[%emt 0:02:04]} 16. Bc2 {[%emt 0:
00:54]} Nc6 {[%emt 0:06:33]} 17. Bb3 {[%emt 0:03:29]} Qb5 {[%emt 0:03:54]} 18.
Ne2 {[%emt 0:02:06]} O-O {[%emt 0:04:24]} 19. Kf2 {[%emt 0:03:43]} Na5 { [%emt
0:05:18]} 20. Bc2 {[%emt 0:10:35]} Rac8 {[%emt 0:04:39]} 21. Rab1 { [%emt
0:03:24]} Qxe2+ {[%emt 0:02:03]} 22. Qxe2 {[%emt 0:02:23]} Bxe2 {[%emt 0:
00:42]} 23. Kxe2 {[%emt 0:00:06]} Bxd4 {[%emt 0:02:18]} 24. Bxh7+ {[%emt 0:02:
59]} Kxh7 {[%emt 0:00:13]} 25. cxd4 {[%emt 0:00:05]} Rc2 {[%emt 0:01:09]} 26.
Kd3 {[%emt 0:01:20]} Rxa2 {[%emt 0:01:12]} 27. Ra1 {[%emt 0:01:10]} Rxd2+ {
[%emt 0:03:25]} 28. Kxd2 {[%emt 0:00:16]} Nb3+ {[%emt 0:00:21]} 29. Ke3 { [%emt
0:00:25]} Nxa1 {[%emt 0:00:16]} 30. Rxa1 {[%emt 0:00:07]} a5 {[%emt 0:00: 40]}
31. g3 {[%emt 0:01:50]} Ra8 {[%emt 0:01:14]} 32. Kd3 {[%emt 0:00:23]} b5 {
[%emt 0:01:47]} 33. Kc3 {[%emt 0:00:49]} Kg6 {[%emt 0:03:59]} 34. Kb3 {[%emt 0:
08:15]} Kf5 {[%emt 0:02:07]} 35. Re1 {[%emt 0:00:17]} a4+ {[%emt 0:02:37]} 36.
Ka3 {[%emt 0:00:11]} b4+ {[%emt 0:02:16]} 37. Kxb4 {[%emt 0:00:39]} a3 { [%emt
0:00:08]} 38. Ra1 {[%emt 0:00:50]} a2 {[%emt 0:00:15]} 39. Kb3 {[%emt 0:
00:10]} Ke4 {[%emt 0:00:20]} 40. Rxa2 {[%emt 0:02:21]} Rxa2 {[%emt 0:00:09]}
41. Kxa2 {[%emt 0:00:04]} Kxd4 {[%emt 0:00:07]} 42. Kb2 {[%emt 0:00:31]} Kd3 {
[%emt 0:00:58]} 43. Kc1 {[%emt 0:00:10]} Ke2 {[%emt 0:00:15]} 44. Kc2 {[%emt 0:
00:23]} d4 {[%emt 0:00:05]} 0-1

[Event "DVM U14w 2018"]
[Site "Neumünster GER"]
[Date "2018.12.28"]
[Round "3"]
[White "Tychyna, Margarita"]
[Black "Visvikis, Kassandra"]
[Result "0-1"]
[Termination "normal"]
[Board "3.3"]
[WhiteElo "804"]
[BlackElo "1494"]
[WhiteClock "00:20:43"]
[BlackClock "01:00:27"]
[WhiteTeam "SK Bad Homburg"]
[BlackTeam "OSG Baden-Baden"]
[PlyCount "114"]
[WhiteFideId "16275349"]
[BlackFideId "36052167"]
[EventCountry "GER"]
[EventRounds "7"]
[EventType "team-swiss"]
[EventDate "2018.12.26"]

1. e4 e5 {[%emt 0:00:05]} 2. Nf3 {[%emt 0:00:06]} Nc6 {[%emt 0:00:06]} 3. d4 {
[%emt 0:00:05]} exd4 {[%emt 0:00:51]} 4. Nxd4 {[%emt 0:00:07]} Bc5 {[%emt 0:02:
51]} 5. Nb3 {[%emt 0:00:24]} Bb6 {[%emt 0:00:12]} 6. Nc3 {[%emt 0:02:50]} Qf6 {
[%emt 0:03:57]} 7. Qe2 {[%emt 0:01:39]} d6 {[%emt 0:04:40]} 8. Be3 {[%emt 0:03:
00]} Be6 {[%emt 0:01:50]} 9. Bxb6 {[%emt 0:04:34]} axb6 {[%emt 0:00:08]} 10.
Nd5 {[%emt 0:01:50]} Bxd5 {[%emt 0:01:32]} 11. exd5+ {[%emt 0:00:23]} Nce7 {
[%emt 0:00:04]} 12. Qe4 {[%emt 0:03:51]} Qxb2 {[%emt 0:05:13]} 13. Bb5+ { [%emt
0:02:50]} Kf8 {[%emt 0:00:20]} 14. O-O {[%emt 0:07:39]} Qe5 {[%emt 0:01: 08]}
15. Qxe5 {[%emt 0:03:56]} dxe5 {[%emt 0:00:12]} 16. Rfd1 {[%emt 0:01:31]} Rd8
{[%emt 0:01:02]} 17. c4 {[%emt 0:02:05]} f6 {[%emt 0:00:13]} 18. a4 { [%emt
0:05:45]} c6 {[%emt 0:01:01]} 19. dxc6 {[%emt 0:01:57]} Rxd1+ {[%emt 0: 00:06]}
20. Rxd1 {[%emt 0:00:15]} bxc6 {[%emt 0:00:06]} 21. Rd8+ {[%emt 0:01: 38]} Kf7
{[%emt 0:00:15]} 22. Ba6 {[%emt 0:00:46]} Ng6 {[%emt 0:01:00]} 23. c5 {[%emt
0:02:21]} Ke7 {[%emt 0:01:20]} 24. Rd3 {[%emt 0:02:29]} Nf4 {[%emt 0:01: 55]}
25. Rd2 {[%emt 0:02:23]} bxc5 {[%emt 0:00:41]} 26. Nxc5 {[%emt 0:00:26]} Ne6
{[%emt 0:00:42]} 27. Nxe6 {[%emt 0:02:25]} Kxe6 {[%emt 0:00:13]} 28. Bb7 {
[%emt 0:00:57]} Ne7 {[%emt 0:00:09]} 29. a5 {[%emt 0:01:09]} Rb8 {[%emt 0:00:
21]} 30. a6 {[%emt 0:00:39]} Nd5 {[%emt 0:01:32]} 31. Ra2 {[%emt 0:04:13]} Nc7
{[%emt 0:00:28]} 32. Ra1 {[%emt 0:03:05]} c5 {[%emt 0:02:12]} 33. Kf1 {[%emt 0:
04:16]} f5 {[%emt 0:03:03]} 34. Ke2 {[%emt 0:02:30]} e4 {[%emt 0:00:47]} 35. f4
{[%emt 0:01:48]} h6 {[%emt 0:01:10]} 36. g3 {[%emt 0:02:01]} g6 {[%emt 0:02:07]
} 37. h4 {[%emt 0:03:02]} h5 {[%emt 0:00:14]} 38. Kd2 {[%emt 0:01:00]} Kd7 {
[%emt 0:04:43]} 39. Kc3 {[%emt 0:02:24]} Nb5+ {[%emt 0:00:52]} 40. Kc4 { [%emt
0:01:41]} Nd6+ {[%emt 0:00:06]} 41. Kxc5 {[%emt 0:00:14]} Kc7 {[%emt 0: 04:15]}
42. Kd4 {[%emt 0:06:05]} Nxb7 {[%emt 0:01:03]} 43. axb7 {[%emt 0:00:19] } Rxb7
{[%emt 0:00:06]} 44. Rc1+ {[%emt 0:00:25]} Kd6 {[%emt 0:01:23]} 45. Rc5 {[%emt
0:00:49]} Rb4+ {[%emt 0:00:14]} 46. Rc4 {[%emt 0:00:13]} Rxc4+ {[%emt 0:
00:08]} 47. Kxc4 {[%emt 0:00:05]} Kc6 {[%emt 0:00:12]} 48. Kd4 {[%emt 0:00:19]}
Kb5 {[%emt 0:00:04]} 49. Kc3 {[%emt 0:01:49]} Kc5 {[%emt 0:00:15]} 50. Kd2 {
[%emt 0:00:27]} Kd4 {[%emt 0:00:04]} 51. Ke2 {[%emt 0:00:14]} e3 {[%emt 0:00:
05]} 52. Kd1 {[%emt 0:00:31]} Kd3 {[%emt 0:00:08]} 53. Ke1 {[%emt 0:00:12]} e2
{[%emt 0:00:04]} 54. Kf2 {[%emt 0:00:08]} Kd2 {[%emt 0:00:06]} 55. Kf3 { [%emt
0:00:10]} e1=Q {[%emt 0:00:16]} 56. Kg2 {[%emt 0:00:08]} Ke3 {[%emt 0:00: 14]}
57. Kh3 {[%emt 0:00:07]} Qh1# {[%emt 0:00:06]} 0-1